LEADER 01262nam a2200301 a 4500 001 000000138389 003 CaOOAMICUS 005 20140514110536.0 008 140514s1995 enkab u000 u eng r 020 $a0-415-13340-8 040 $aPUL$bita 082 04$a820.9 100 1 $aErickson, Amy Louise.$0(OLS)http://pul/name/89197 245 10$aWomen and property in early modern England /$cAmy Louise Erickson. 260 $aLondon ;$aNew York :$bRoutledge,$c1995. 300 $axiii, 306 p. :$bill., c. geogr. ;$c24 cm 504 $aBibliografia p. [278]-296. 650 4$aDonna e società.$0(OLS)http://pul/subject/19319 650 4$aDonne e letteratura$zInghilterra$xStoria.$0(OLS)http://pul/subject/40512 850 $aPUL 852 $aPUL$W1$xDP2 Cons. Gen., Altre Classi 3$y97$m820. 9 ERIAM 1$j159600$qDDC 21$B159137$CPULBib$Z2$F159137 $H91087 $82 941 1 $a9 961 $aDono del prof. B. Ferme. 996 $6020$a0-415-13340-8$9(OLS)http://pul/number/155231 996 $6082$a820.9$9(OLS)http://pul/classification/2649 996 $6245$aWomen and property in early modern England$9(OLS)http://pul/title/175176 996 $6260$aLondon ;$aNew York :$bRoutledge$9(OLS)http://pul/publisher/52469 LEADER 01578nam a2200325 a 4500 001 000000174645 003 CaOOAMICUS 005 20210712122845.0 008 210712s2020 it u000 u ita r 020 $z978-88-311-0855-3* 032 $aLibriCat 040 $aPUL$bita$d 100 1 $aDell'Eva, Albino.$0(OLS)http://pul/name/112225 245 13$aIl senso dell'uomo nell'universo : $binterpretazione scientifica e intelligenza della fede. Il contributo di Piero Pasolini / $cAlbino Dell'Eva. 260 $aRoma :$bCittà Nuova,$c2020$a[S.l.] :$b[Istituto Universitario Sophia] 300 $a411 p. ;$c23 cm 440 0$aPer-corsi di sophia ;$v6 504 $aInclude riferimenti bibliografici. 650 4$aReligione e scienza.$0(OLS)http://pul/subject/147 700 1 $aPasolini, Piero.$0(OLS)http://pul/name/56884 830 0$aPer-corsi di sophia ;$v6.$0(OLS)http://pul/title/159178 850 $aPUL 852 $aPUL$W1$xSL Religione 3$y85$m215 DELEV 1$j198956$qDDC 21$B203588$CPULBib$Z2$F203588 $H135111 $82 941 1 $a9 996 $6020$z978-88-311-0855-3*$9(OLS)http://pul/number/168266 996 $6245$aIl senso dell'uomo nell'universo : $binterpretazione scientifica e intelligenza della fede. Il contributo di Piero Pasolini / $9(OLS)http://pul/title/215952 996 $6440$aPer-corsi di sophia$9(OLS)http://pul/title/159178 996 $6260$aRoma :$bCittà Nuova$9(OLS)http://pul/publisher/47927 996 $6260$a[S.l.] :$b[Istituto Universitario Sophia]$9(OLS)http://pul/publisher/87415